The adventures of Tintin : prisoners of the sun

Bibliographic Details
Main Author: Herge
Corporate Author: Title
Format: Book
Published: London : Egmont , 2002
Subjects:

MARC

LEADER 00000cam a2200000 7i4500
001 0000005371
005 20190911.0
008 070803
020 |a 140520625X 
020 |a 9781405206259 
090 0 0 |a JF   |b AD ENG (4800) 
100 0 |a Herge 
245 1 4 |a The adventures of Tintin :   |b prisoners of the sun   |c Herge 
260 |a London :   |b Egmont ,   |c 2002 
500 |a Children ages 7-9 years old (orange) 
650 0 |a Adventure 
650 0 |a Junior fiction   |x English   |x Languages 
710 0 |a Title 
999 |a 0000948563   |b Book   |c Children Collection   |e Cawangan Segamat 
999 |a 0000974354   |b Book   |c Children Collection   |e Perbadanan Perpustakaan Awam Johor 
999 |a 0000974355   |b Book   |c Children Collection   |e Perbadanan Perpustakaan Awam Johor 
999 |a 0000974356   |b Book   |c Children Collection   |e Perbadanan Perpustakaan Awam Johor 
999 |a 0001047386   |b Book   |c Children Collection   |e Cawangan Segamat 
999 |a 0001047387   |b Book   |c Children Collection   |e Cawangan Bandar Penawar 
999 |a 0001047388   |b Book   |c Children Collection   |e Cawangan Bandar Penawar